000 00655nam a2200241Ia 4500
003 OSt
005 20221005121914.0
006 a|||||r|||| 00| 0
007 ta
008 221004b |||||||| |||| 00| 0 eng d
024 _a31858
037 _cTextual
040 _aCRL
_cCRL
_beng
041 _2eng
_aeng
082 _a82:N53, J5 RR
110 _aIndia.Information and broadcasting (Ministry of-).
245 0 _aIndia
_bReference annual.
260 _c1955
650 _aYEARBOOKS
_91188
700 _aIndia.Information and broadcasting (Ministry of-).
942 _h82:N53, J5 RR
_cTEXL
_2cc
999 _c1042639
_d1042639